Double Category Geography - Statistics

General Stats
  • This quiz has been taken 12 times
    1 since last reset
  • The average score is 2 of 16
Answer Stats
First Category Second Category Country % Correct
Islam Borders Russia Azerbaijan | Kazakhstan
100%
Former colony of Spain Over 100 languages Mexico | Philippines | United States of America
100%
Same first and last letter Top 20 renewable energy Albania | Central African Republic
0%
Island nation Hosted F1 Grand Prix Bahrain | Japan | Singapore | United Kingdom
0%
Name is 8 letters Area < 1K km² Barbados | Dominica | Kiribati | Maldives
0%
Borders 1-2 countries Ends with E Belize | Sierra Leone | Singapore
0%
Elevation > 2k m No green on flag Bhutan | Kyrgyzstan | Nepal
0%
Touches the equator Coastline ≥ 5k km Brazil | Colombia | Indonesia
0%
Multiple time zones Ends with L Brazil | Israel | Nepal | Senegal
0%
Population < 5M Light blue on flag Croatia | Fiji | Tuvalu | Palau
0%
Forest cover > 75% Atlantic Ocean Equatorial Guinea | Gabon | Guyana | Liberia | Suriname
0%
Was part of USSR Observes DST Estonia | Latvia | Lithuania | Moldova | Ukraine
0%
Star on flag In the EU France | Portugal | Spain
0%
Bottom 20 in population density Population of largest city is over 25% of urban population Gabon | Iceland | Mongolia | Namibia
0%
Under 30 olympic medals Has nuclear weapons India | Israel | North Korea | Pakistan
0%
Commonwealth member Borders China India | Pakistan
0%
No matching quizzes found
Score Distribution
Percent of People with Each Score
Percentile by Number Answered
Your Score History
You have not taken this quiz since the last reset